Ealing London BC v Regent Inns plc (Record no. 51813)

MARC details
000 -LEADER
fixed length control field 01363cab a2200241 4500
001 - CONTROL NUMBER
control field X87756
008 - FIXED-LENGTH DATA ELEMENTS--GENERAL INFORMATION
fixed length control field 090401t1997 xxu||||| |||| 00| 0 eng d
035 ## - SYSTEM CONTROL NUMBER
System control number (Sirsi) u82135
041 ## - LANGUAGE CODE
Language code of text/sound track or separate title eng
245 ## - TITLE STATEMENT
Title Ealing London BC v Regent Inns plc
260 ## - PUBLICATION, DISTRIBUTION, ETC.
Date of publication, distribution, etc. 1997
350 ## - PRICE (NR) (BK AM CF MU VM SE) [OBSOLETE]
Price 0
490 ## - SERIES STATEMENT
Series statement Planning Appeal Decisions
Volume/sequential designation (1997) 12 PAD 529-534(6)
520 ## - SUMMARY, ETC.
Summary, etc. Comedy centre - restaurant extension - conference facility - existing public house, restaurant and engineering workshop - alterations and extensions - cabaret venue - customers at tables - whether in nature of concert hall or sui generis - noise and disturbance at night - behaviour of patrons outside - Conservation Area - on and off-street parking - traffic flow - safety and convenience of residents - Unitary Development Plan - PPGs6 and 13 - near Ealing Strategic Centre, but wrong to extend it - not appropriate to make direct comparison between public house drinkers and comedy theatre patrons benefits of proposal - effect of dismissal of appeal
650 ## - SUBJECT ADDED ENTRY--TOPICAL TERM
Topical term or geographic name entry element COMEDY CENTRE
650 ## - SUBJECT ADDED ENTRY--TOPICAL TERM
Topical term or geographic name entry element EALING LONDON BC V REGENT INNS PLC
650 ## - SUBJECT ADDED ENTRY--TOPICAL TERM
Topical term or geographic name entry element PLANNING (LISTED BUILDINGS AND CONSERVATION AREAS) ACT 1990 S72
650 ## - SUBJECT ADDED ENTRY--TOPICAL TERM
Topical term or geographic name entry element PLANNING POLICY GUIDANCE NOTE 13
650 ## - SUBJECT ADDED ENTRY--TOPICAL TERM
Topical term or geographic name entry element PLANNING POLICY GUIDANCE NOTE SIX
690 ## - LOCAL SUBJECT ADDED ENTRY--TOPICAL TERM (OCLC, RLIN)
Topical term or geographic name as entry element PLANNING LAW AND PRACTICE-CASE LAW
942 ## - ADDED ENTRY ELEMENTS (KOHA)
Suppress in OPAC 0
948 ## - LOCAL PROCESSING INFORMATION (OCLC); SERIES PART DESIGNATOR (RLIN)
c (OCLC) 17/11/1997
Holdings
Withdrawn status Lost status Source of classification or shelving scheme Damaged status Not for loan Home library Current library Shelving location Date acquired Total Checkouts Full call number Barcode Date last seen Copy number Price effective from Koha item type
    Dewey Decimal Classification     London London Journal article 14/09/1999   X87756 82135-1001 06/08/2019 1 06/08/2019 Law report